Leasehold enfranchisement and the right to manage (Record no. 115884)
[ view plain ]
| 000 -LEADER | |
|---|---|
| fixed length control field | 01258cam a22002775a 4500 |
| 001 - CONTROL NUMBER | |
| control field | L159420 |
| 008 - FIXED-LENGTH DATA ELEMENTS--GENERAL INFORMATION | |
| fixed length control field | 150617s2016 xxk f 001 0 eng d |
| 020 ## - INTERNATIONAL STANDARD BOOK NUMBER | |
| International Standard Book Number | 9781784460518 |
| 035 ## - SYSTEM CONTROL NUMBER | |
| System control number | (Sirsi) u159420 |
| 041 0# - LANGUAGE CODE | |
| Language code of text/sound track or separate title | eng |
| 050 04 - LIBRARY OF CONGRESS CALL NUMBER | |
| Classification number | 346.4104346 $2 18 |
| 100 1# - MAIN ENTRY--PERSONAL NAME | |
| Personal name | Sykes, Christopher |
| 245 00 - TITLE STATEMENT | |
| Title | Leasehold enfranchisement and the right to manage |
| Remainder of title | a practical guide |
| 250 ## - EDITION STATEMENT | |
| Edition statement | 3 ed |
| 260 ## - PUBLICATION, DISTRIBUTION, ETC. | |
| Place of publication, distribution, etc. | London |
| Name of publisher, distributor, etc. | The Law Society |
| Date of publication, distribution, etc. | 2016 |
| 300 ## - PHYSICAL DESCRIPTION | |
| Extent | xxv, 444p. |
| Dimensions | 24cm. + |
| Accompanying material | 1 compact disc |
| 520 ## - SUMMARY, ETC. | |
| Summary, etc. | Explains the rights of long leaseholders to acquire the freehold of their property, extend the term of their lease and exercise their right to manage a property. Deals with the organisation of collective enfranchisement claims and right to manage claims, as well as for the individual rights to extend the lease of a house or flat and obtain the freehold of a house. Includes a CD-ROM giving access to forms, precedents and extracts from legislation. |
| 590 ## - LOCAL NOTE (RLIN) | |
| Local note | KA |
| 650 24 - SUBJECT ADDED ENTRY--TOPICAL TERM | |
| Topical term or geographic name entry element | COMMONHOLD AND LEASEHOLD REFORM ACT 2002 |
| 650 24 - SUBJECT ADDED ENTRY--TOPICAL TERM | |
| Topical term or geographic name entry element | LEASEHOLD REFORM ACT 1967 |
| 650 24 - SUBJECT ADDED ENTRY--TOPICAL TERM | |
| Topical term or geographic name entry element | LEASEHOLD REFORM, HOUSING AND HOUSING DEVELOPMENT ACT 1993 S170 |
| 651 #4 - SUBJECT ADDED ENTRY--GEOGRAPHIC NAME | |
| Geographic name | United Kingdom |
| Chronological subdivision | |
| 690 ## - LOCAL SUBJECT ADDED ENTRY--TOPICAL TERM (OCLC, RLIN) | |
| Topical term or geographic name as entry element | Landlord and tenant |
| 9 (RLIN) | 6252 |
| 942 ## - ADDED ENTRY ELEMENTS (KOHA) | |
| Suppress in OPAC | 0 |
| Withdrawn status | Lost status | Source of classification or shelving scheme | Damaged status | Not for loan | Home library | Current library | Shelving location | Date acquired | Total Checkouts | Full call number | Barcode | Date last seen | Copy number | Price effective from | Koha item type |
|---|---|---|---|---|---|---|---|---|---|---|---|---|---|---|---|
| Dewey Decimal Classification | London | London | Books | 09/06/2017 | 346.4104346 SYK | 30078423 | 24/05/2023 | 1 | 06/08/2019 | Book |